| 000 | 00745nam a2200229 i 4500 | ||
|---|---|---|---|
| 001 | 68776 | ||
| 003 | ES-MaACL | ||
| 005 | 20250825214712.0 | ||
| 007 | t| | ||
| 008 | 040708s1888 sp ||||1| spa d | ||
| 110 | 2 |
_aAteneo Científico-Literario de Valencia. _9170945 |
|
| 245 | 1 | 0 |
_aApertura del curso 1888 a 89 / _c[ por Casimiro López Chavarri y Amalio Gimeno]. |
| 260 |
_aValencia : _b[s.n.], _c1888 ( _fImp. de José Ortega) |
||
| 300 |
_a40 p. ; _c27 cm. |
||
| 500 | _aPrecede al tít.: Ateneo de Valencia. | ||
| 500 | _aTema: Del placer. | ||
| 650 | 0 | 4 |
_aPlacer. _916100 |
| 700 | 1 |
_aLópez Chavarri, Casimiro. _973506 |
|
| 700 | 1 |
_aGimeno, Amalio, _d1850-1936 _957076 |
|
| 852 |
_aES-MaACL _jT-522-F-4 |
||
| 999 |
_c68776 _d68776 |
||